000 00748cam a22002413a 4500
001 18506
003 PGUSA
005 20140828083408.0
008 060605s2006||||xxu|||||s|||||000 | eng d
040 _aPGUSA
_beng
042 _adc
050 4 _aDT
100 1 _aBurton, Richard Francis,
_cSir,
_d1821-1890
245 1 0 _aTo The Gold Coast for Gold, Vol. II :
_bA Personal Narrative
_h[electronic resource] /
_cRichard Francis, Burton
260 _bProject Gutenberg,
_c2006
506 _aPublic domain in the USA.
516 _aElectronic text
653 _aGold mines and mining -- Ghana
653 _aGhana -- Description and travel
830 0 _aProject Gutenberg
_v18506
856 4 0 _uhttp://www.gutenberg.org/ebooks/18506
942 _cEB
999 _c247761
_d247761